01441nam a2200337 a 4500001001000000003000500010005001700015008004100032010001100073011001100084040000900095090001000104100004700114245020300161260005200364500006000416502009400476590004000570590004000610590004000650650002600690650004100716650005500757650004800812856007000860901000700930942001000937942000600947999001900953952013100972000115374CHAP20220329144531.0190515s2018 mx a |sm |||||||spa d a111835 a112807 cCHAP aTesis1 aVillalón Rucoba, Manuel Octavio.913559610aEvaluación de la aplicación de vitaminas C y E sobre estructuras ovaricas y fertilidad en vacas Holstein bajo condiciones de estres caloricosh[En línea]cpor Manuel Octavio Villalón Rucosa. aBermejillo, Durango, Méx. :bEl autor,c2018. aPara ver el contenido del material haga clic en la liga aTesis (Ing. en Sistemas Pecuarios) -- UACH. Unidad Regional Universitaria de Zonas Aridas aE6339RRRb05c20190515lUCH01h1424 aE6339RRRb05c20190515lUCH01h1425 aE6339RRRb05c20190515lUCH01h142514aCiclo estrual.92307214aGanado HolsteinxFertilidad.913507214aGanado lecheroxSincronización del celo.913280614aVitaminasxEfecto en ganado vacuno.9134563 aFinding aiduhttp://10.13.5.2/tesis/sist115374.pdfzTeclea aquí aBK cTESIS n0 c111835d111835 00104054718TESISaBCbBCd2019-05-15fTESISl0oTesisp115382-10r2019-12-31 00:00:00w2019-12-31yTESISzRecien adquirido